| 000 | 00838nam a2200301Ia 4500 | ||
|---|---|---|---|
| 008 | 160303s9999 xx 000 0 und d | ||
| 020 | _a971-23-4206-9 | ||
| 050 | _aFIL KPM 2784 | ||
| 050 | _b.G66 2005 | ||
| 100 | _aGonzales, Epifanio G. | ||
| 245 | _aNational internal revenue code / | ||
| 245 | _cEpifanio G. Gonzales, Celestina M. Robledo-Gonzales. | ||
| 250 | _a2005 Rev. Ed. | ||
| 260 | _aManila: | ||
| 260 | _bRex Book Store, Inc., | ||
| 260 | _c2005 | ||
| 300 | _a740 pages : | ||
| 300 | _billustrations ; | ||
| 300 | _c22 cm. | ||
| 650 | _aIncome tax -- | ||
| 650 | _aInternal reveniue law -- | ||
| 650 | _aTax administrationa dn procedures -- | ||
| 650 | _aTaxation -- | ||
| 650 | _xLaw and legislation -- Philippines. | ||
| 650 | _xPhilippines | ||
| 650 | _xPhilippines | ||
| 650 | _xPhilippines. | ||
| 999 |
_c291436 _d291436 |
||